|
|
|
|
| LEADER |
00000nab a2200000 a 4500 |
| 001 |
vtls000019878 |
| 003 |
SK-MaSNL |
| 005 |
20260304072335.0 |
| 008 |
250423c1978 xo 0 slo |
| 015 |
|
|
|a SNBRB19rr/mm-uuuuu
|
| 035 |
|
|
|a CL0029972
|
| 035 |
|
|
|a urn:nbn:sk:snk-ab6ymw
|
| 035 |
|
|
|a (uuid)1c014783-180e-41a2-b50f-315241a16511
|
| 035 |
|
|
|a (urnnbn)urn:nbn:sk:snk:ar-a06b5d
|
| 035 |
|
|
|a (sysno)vtls000019878
|
| 040 |
|
|
|a SNKBUCL
|b slo
|c SNKBUCL
|e AACR2
|
| 041 |
0 |
|
|a eng
|
| 044 |
|
|
|a xo
|c SK
|
| 080 |
|
|
|a 616
|2 1981
|
| 080 |
|
|
|a 618.1
|2 1981
|
| 080 |
|
|
|a 616.3
|2 1981
|
| 080 |
|
|
|a 616.2
|2 1981
|
| 100 |
1 |
|
|a Kiricuta, I.
|4 aut
|9 1359918
|
| 245 |
1 |
0 |
|a Differences in Uptake of Aminoacids by Patients with Various Forms of Cancer
|c I. Kiricuta, O. Bojan
|
| 300 |
|
|
|b Tb. 3.
|
| 650 |
0 |
7 |
|a rakovina maternice
|2 snkbucl
|9 166309
|
| 650 |
0 |
7 |
|a rakovina tráviacej trubice
|2 snkbucl
|9 1359919
|
| 650 |
0 |
7 |
|a bronchogénny karcinóm
|2 snkbucl
|9 76111
|
| 655 |
|
7 |
|a články z novín a časopisov
|2 snkbucl
|9 267496
|
| 700 |
1 |
|
|a Bojan, O.
|4 aut
|9 1359920
|
| 773 |
0 |
|
|t Neoplasma
|g Roč. 25, č. 5 (1978), s. 617-620
|
| 850 |
|
|
|a Slovenská národná knižnica
|
| 852 |
|
|
|a Slovenská národná knižnica
|
| 958 |
|
|
|a article27
|
| 958 |
|
|
|a RK
|
| 958 |
|
|
|a MI
|
| 958 |
|
|
|a OND
|
| 958 |
|
|
|a EUIPO
|
| 992 |
|
|
|a RBX
|
| 999 |
|
|
|c 2766021
|d 2767951
|